| 000 | 00794nam a22002177a 4500 | ||
|---|---|---|---|
| 999 |
_c1307 _d1307 |
||
| 003 | AR-CdUCM | ||
| 008 | 190226b ||||| |||| 00| 0 spa d | ||
| 020 | _a9684090293 | ||
| 040 |
_aMUNICIPALIDAD PROVINCIAL DEL CUSCO _cBIBLIOTECA MUNICIPAL DEL CUSCO |
||
| 082 |
_a330.1 / _bM55 |
||
| 100 |
_aMiernyk, William H. _95034 |
||
| 245 | _aMitos e ilusiones de la economía / | ||
| 260 |
_aMéxico D. F _bEDAMEX, _c1984. |
||
| 300 |
_a224 paginas ; _c20 cm. |
||
| 505 | _aMitos e ilusiones -- Corazón de la materia: La energía y sus descontentos -- La inflación y sus causas -- Transición a un mundo nuevo y valiente -- Opciones para el futuro ... | ||
| 650 |
_aEconomía _9382 |
||
| 650 |
_aCiencia _92098 |
||
| 650 |
_aInflación _94615 |
||
| 942 |
_2ddc _cLIBROS |
||
| 945 |
_arum _d2019-02-26 |
||